000 00209 a2200097 4500
001 29826
100 _aBiberman
245 _aPhoto electronic Imaging Devices
260 _a
_bPlenum
_c
090 _c19842
_d19842
942 _aNUST-CAE
_cM
_c10938
999 _c264899
_d264899